Politics and the english language / (Record no. 14907)
[ view plain ]
| 000 -LEADER | |
|---|---|
| fixed length control field | 00676cam a2200229 a 4500 |
| 001 - CONTROL NUMBER | |
| control field | 11247 |
| 003 - CONTROL NUMBER IDENTIFIER | |
| control field | IN-BhIIT |
| 005 - DATE AND TIME OF LATEST TRANSACTION | |
| control field | 20260530121659.0 |
| 008 - FIXED-LENGTH DATA ELEMENTS--GENERAL INFORMATION | |
| fixed length control field | 001207s1947 nyua 000 0 eng |
| 020 ## - INTERNATIONAL STANDARD BOOK NUMBER | |
| ISBN | 9780141393063 (pbk.) |
| 040 ## - CATALOGING SOURCE | |
| Original cataloging agency | IN-BhIIT |
| 041 ## - LANGUAGE CODE | |
| Language code of text | eng |
| 082 ## - DEWEY DECIMAL CLASSIFICATION NUMBER | |
| Classification number | 828 |
| Book number | ORW/P |
| 100 1# - MAIN ENTRY--AUTHOR NAME | |
| Personal name | Orwell, George, |
| Relator term | Author |
| 245 10 - TITLE STATEMENT | |
| Title | Politics and the english language / |
| Statement of responsibility, etc | George Orwell. |
| 260 ## - PUBLICATION, DISTRIBUTION, ETC. (IMPRINT) | |
| Place of publication | New York : |
| Name of publisher | Typophiles, |
| Year of publication | 1947. |
| 300 ## - PHYSICAL DESCRIPTION | |
| Number of Pages | 23 p. : |
| Other physical details(ill.) | ill. ; |
| Dimensions(size) | 18 cm. |
| 490 1# - SERIES STATEMENT | |
| Series statement | Typophile monograph ; |
| 500 ## - GENERAL NOTE | |
| General note | "First published in Horizon (London)"--Verso of t.p. |
| 650 #0 - SUBJECT ADDED ENTRY--TOPICAL TERM | |
| Topical Term | English language |
| General subdivision | Political aspects. |
| 942 ## - ADDED ENTRY ELEMENTS (KOHA) | |
| Koha item type | General Books |
| Koha issues (borrowed), all copies | 1 |
| Withdrawn status | Lost status | Damaged status | Not for loan | Collection code | Home library | Current library | Date acquired | Source of acquisition | Cost, normal purchase price | Full call number | Accession Number | Cost, replacement price | Price effective from | Koha item type |
|---|---|---|---|---|---|---|---|---|---|---|---|---|---|---|
| Not withdrawn | Not Lost | not damaged | GEN | Central Library, IIT Bhubaneswar | Central Library, IIT Bhubaneswar | 06/03/2025 | 33 | 112.50 | 828 ORW/P | 11247 | 150.00 | 06/03/2025 | General Books |